| 000 | 01161cad a22002415a 4500 | ||
|---|---|---|---|
| 001 | E149647 | ||
| 008 | 100331s2010 xxkd f s 000 0 eng d | ||
| 035 | _a(Sirsi) u149647 | ||
| 041 | 0 | _aeng | |
| 050 | 0 | 4 | _a333.337 $2 18 |
| 110 | 2 |
_aKing Sturge _93877 |
|
| 245 | 0 | 0 |
_aEuropean industrial property markets 2010 _h[electronic resource] |
| 260 |
_aLondon _bKing Sturge _c2010 |
||
| 490 | 0 |
_aKing Sturge European Industrial Property Markets _v2010 |
|
| 520 | _aReports that the Eurozone came out of recession in Q3 2009, although output fell by around 4%, year-on-year. Occupier demand fell in 2009, however headline rents did not fall as much as in the office market. Rents should improve in 2010 as lack of supply and increased demand starts to have an impact. | ||
| 590 | _aKA | ||
| 650 | 2 | 4 | _aEUROPEAN INDUSTRIAL PROPERTY MARKETS |
| 651 | 4 | _aEurope | |
| 690 | _aPROPERTY-COMMERCIAL PROPERTY-COMMERCIAL PROPERTY MARKET | ||
| 690 | _aPROPERTY-INDUSTRIAL PROPERTY | ||
| 856 | 4 | 0 |
_uhttps://www.kingsturge.co.uk/en-GB/research/%7E/media/349EA6C9606E4D11B16B5B5C7841F8D4.ashx _zView the item free of charge (PDF file) at www.kingsturge.co.uk |
| 942 | _n0 | ||
| 999 |
_c110576 _d110576 |
||